000 00910nam a2200277 i 4500
001 bg
100 1 _aŁĘTOWSKA, Ewa
_d(1940- )
245 1 0 _aPrawo umów konsumenckich /
_cEwa Łętowska.
250 _a2. wyd.
260 _aWarszawa :
_bC. H. Beck,
_c2002.
300 _aLXXIII, 630 s. ;
_c23 cm +
_eCD ROM.
490 1 _aZarys Prawa
650 9 _aKonsumenci (ekon.)
_xprawo
_zPolska
_ystan na 2000 r.
650 9 _aKonsumenci (ekon.)
_xprawo wspólnotowe europejskie
_ystan na 2000 r.
650 9 _aUmowa
_xhandel
_xprawo
_zPolska
_ystan na 2000 r.
650 9 _aUmowa
_xhandel
_xprawo wspólnotowe europejskie
_ystan na 2000 r.
830 _aZarys Prawa
020 _a8371108621
040 _cBPK
041 0 _apl
080 _a346.54:347.74:366](438:4-67)
920 _a83-7110-862-1
942 _cKS
008 s pl f |000 0 pol
999 _c40337
_d40337
856 _uhttp://koha.tu.koszalin.pl/cgi-bin/koha/opac-detail.pl?biblionumber=40337
_yKatalog online BPK